Quizzes
Events
Quiz Creation
Community
Videos
Private Events
Remove Ads
Sign In
Join for FREE
Feedback
Dark Mode
Quiz Categories
Sports
Geography
Music
Movies
Television
Just For Fun
Miscellaneous
History
Literature
Language
Science
Gaming
Entertainment
Religion
Holiday
For Kids
Quiz Lab
Recent
Popular Today
Quiz Kudos Today
Editor Picks
Curator Picks
Quizzes by...
Day
Popularity
Type
Ratings
Length
Year
Community
Subscriptions
Recent Discussions
Orange Saloon
Badges
Playlists
Quests
Create
Leaderboards
Showdown
Live 5
Trivia Bingo
Activity
Puzzle Library
Sporcle Events
Private Events
Virtual Trivia
Globe League
Become a Host
Pub Owners
SporcleCon
Opinionation
Our Games
Videos
Blog
Mobile Apps
Partnerships
Remove Ads and Go Orange
Feedback
Sports
Athletes
MLB
NBA
NHL
NFL
Soccer
Sports Teams
WWE
NCAA
Football
Premier League
Basketball
Baseball
Hockey
Golf
Tennis
Cricket
Rugby
Auto Racing
Olympics
World Cup
Sports
Athletes
MLB
NBA
NHL
NFL
Soccer
Sports Teams
WWE
NCAA
Football
Premier League
Basketball
Baseball
Hockey
Golf
Tennis
Cricket
Rugby
Auto Racing
Olympics
World Cup
Random Quiz
Search Sporcle
×
Quiz Lab
Quiz Lab
Sports
cup
Type in answers that appear in a list
Type in answers that appear in a list
Classic
Best Score? Go Orange.
Stanley Cup Playoff Facts Stats
Which team has completed each feat in the Stanley cup playoffs?
By
Meece
5m
14 Questions
60 Plays
60 Plays
60 Plays
Comments
Comments
Give Quiz Kudos
Give Quiz Kudos
-
- Ratings
hide this ad
Replay
Link that replays current quiz
Next Quiz
Link to next quiz in quiz playlist
You Got
0%
They Got
Avg Score
56%
Avg Friend Score
Upgrade to see
Score Distribution
Jump to the score distribution portion of the page
Score
0/14
Timer
05:00
0
Plays Today
Hint
Answer
% Correct
Most Stanley cup championships
Montreal Canadiens
95%
USA based team with most Stanley cup championships
Detroit Red Wings
93.3%
Most Stanley cup championships for California based team
Los Angeles Kings
75%
Most consecutive playoff appearances
Boston Bruins
70%
Fastest to score 3 goals
Toronto Maple Leafs
65%
Longest winning streak
Pittsburgh Penguins
61.7%
Most goals in 1 series
Edmonton Oilers
58.3%
Hint
Answer
% Correct
Most penalties in 1 period
New York Rangers
58.3%
Most losses in 1 year
Philadelphia Flyers
56.7%
Longest losing streak
Chicago Blackhawks
56.7%
Most penalties in 1 series
New Jersey Devils
40%
Player with the most Stanley cup championships
Henri Richard
35%
Most powerplay goals in 1 playoff season
Minnesota North Stars
15%
First player born in France to win the Stanley cup
Cristobal Huet
15%
Quiz Playlist
Details
Report
Send in Message
Add To Playlist
Classic:
Type in answers that appear in a list
Last Updated: Feb 16, 2017
Quiz Scoreboard
CHALLENGE
Sign Up to Join the Scoreboard
Show All
Scores
Hide
Comments
May contain spoilers
Recently Published
College Basketball Coaching Resumes
by pancakes188
Sports
9m
Billboard Blitz: Fleetwood Mac
by CooCooCachoo
Music
15s
Presidents Visiting Landmarks
by Hejman
History
7m
More to Explore
Quiz From the Vault
Featured Blog Post
Where Did the Easter Bunny Come From?
hide this ad
You Might Also Like...
Tags
Completed
cup
feat
Playoff
Stanley
team
Today's Top Quizzes in Sports
Browse Sports
hide this ad
Today's Top Quizzes in cup
Browse cup
Top Contributed Quizzes in Sports
1
2022 World Cup Stars
2
Les meilleurs buteurs des matchs entre le PSG et l’OM
3
FIFA Club World Cup Champions
4
Les entraîneurs de l'OM et du PSG au 21e siècle
5
Criteria MLB: Left Handed Sluggers
6
AFC Teams Reveal (Wrong Answers Minefield)
7
2023 MLB Unique Player Accomplishments
8
Players with Multiple 50 Home Run Seasons
9
5-to-1: FBS Animal Nicknames
10
5-to-1: UK Sports Teams
Explore More
Trending Topics
Kpop
Marvel
Anime
Crossword
Harry Potter
NBA
Disney
Country
The Office
Song
Puzzle
NFL
Pokémon
Soccer
WWE
hide this ad
More By:
Meece
Quiz
Plays
Rating
Category
Featured
Created
Montreal Canadiens Drafted Players
112
5.00
Sports
Mar 3, 2016
Stanley Cup Playoff Facts
60
4.00
Sports
Jun 8, 2016
Habs CHL Prospects
13
Sports
Dec 2, 2016
Go to Creator's Profile
Score Distribution
Quiz Creator Spotlight
Meece
Follow
Send a Message
Quizzes Created
-
Created Quiz Play Count
-
More By This Creator
Popular Quizzes Today
1
Find the US States - No Outlines Minefield
2
Find the Countries of Europe - No Outlines Minefield
3
The Countries of the World
4
Find the US States
5
Risky Map Clicking: Biggest States A-Z
6
US States
7
Popular People in 1961
8
Movies - When Are They Set?
More Sports Quizzes
2018 FIFA World Cup Groups
Editor's Pick
Trending Quizzes
Risky Map Clicking: Least Populous States A-Z
1-10 Letter G Words
1-10 Letter F Words
Risky Map Clicking: Next State Alphabetically
Risky Map Clicking: Biggest States A-Z
Recently Updated
Leaping Animals
pecheneg
Reality TV Shows (A-Z)
bhenderson79
Rickey Henderson's Hall of Fame Teammates
pecheneg
Champions League XIs: Arsenal
pecheneg
Quick Pick: Celebrities in WWE's Hall of Fame
aduchscher
A-Z Keypad Blitz II
pecheneg
Multiple Oscar Actors
pecheneg
Mystery Phrase Blitz: Oscar 'Best Actors'
pecheneg
F. Scott Fitzgerald Novels
LTH
Pick 3 Villains
ddd62291
Trending Topics
Disney
Crossword
Harry Potter
NBA
Anime
Kpop
Marvel
Country
Song
Puzzle
NFL
The Office
WWE
Soccer
Pokémon
Your Account Isn't Verified!
In order to create a playlist on Sporcle, you need to verify the email address you used during registration. Go to your
Sporcle Settings
to finish the process.
Report this User
Report this user for behavior that violates our
Community Guidelines
.
Details:
Send Report
Go to the Sporcle.com Mobile Site →
Comments